| 000 | 00492nam a22001577a 4500 | ||
|---|---|---|---|
| 999 |
_c3034 _d3034 |
||
| 008 | 200319b ||||| |||| 00| 0 eng d | ||
| 020 | _a0080181643 | ||
| 082 | 0 | 0 |
_a621.48 _bM9846 |
| 100 |
_92626 _aMurry, Raymond L. |
||
| 245 | 1 | 0 |
_aNuclear energy; an introduction to the concepts, systems, and applications of nuclear processes / _cby Raymond L. Murry |
| 250 | _a1st ed. | ||
| 260 |
_aNew York _bPergamom Press Inc _c1975 |
||
| 300 | _axvi, 279 p. | ||
| 650 | 0 | _aNuclear Energy | |
| 942 | _cBK | ||